Widok standardowy
Widok MARC
Pozycja Personal Name
Liczba rekordów, w których użyto hasła: 1
001 - Numer kontrolny
- control field: 40782
003 - Identyfikator numeru kontrolnego
- control field: NUKAT
005 - Data i czas ostatniej modyfikacji
- control field: 20260428110906.0
008 - Dane kontrolne kodowane (40 znaków)
- fixed length control field: 050119 n adznnbabn n aaa
010 ## - Numer kontrolny Biblioteki Kongresu
- numer kontrolny LC: p 2004411507
035 ## - Numer systemowy
- numer systemowy: a11820160
040 ## - Instytucja sporządzająca rekord
- inst. przygot. dane do rek. khw: WA N
- język haseł przedmiotowych/tezaurus: DBN
- inst. wprow. rek. khw: WA N
100 1# - Hasło - nazwa osobowa
- nazwa osobowa w formie ujednoliconej: Kotlarz, Roman
- daty biograficzne: (1928-1976)
670 ## - Źródło informacji
- źródło informacji: Roman Kotlarz męczennik robotniczego protestu / Tadeusz Andrzej Janusz. - Sandomierz, 1996